|
|
|
|
| LEADER |
00000cam a22000004a 4500 |
| 001 |
musev2_17402 |
| 003 |
MdBmJHUP |
| 005 |
20230905041900.0 |
| 006 |
m o d |
| 007 |
cr||||||||nn|n |
| 008 |
131213s2011 nyu o 00 0 eng d |
| 020 |
|
|
|a 9781933360935
|
| 020 |
|
|
|z 9781933360423
|
| 035 |
|
|
|a (OCoLC)865170578
|
| 040 |
|
|
|a MdBmJHUP
|c MdBmJHUP
|
| 100 |
1 |
|
|a Cost, Patricia.
|
| 245 |
1 |
4 |
|a The Bentons :
|b How an American Father and Son Changed the Printing Industry /
|c Patricia A. Cost.
|
| 264 |
|
1 |
|a Rochester, N.Y. :
|b RIT Cary Graphic Arts Press,
|c [2011]
|
| 264 |
|
3 |
|a Baltimore, Md. :
|b Project MUSE,
|c 2013
|
| 264 |
|
4 |
|c ©[2011]
|
| 300 |
|
|
|a 1 online resource (400 pages):
|b illustrations)
|
| 336 |
|
|
|a text
|b txt
|2 rdacontent
|
| 337 |
|
|
|a computer
|b c
|2 rdamedia
|
| 338 |
|
|
|a online resource
|b cr
|2 rdacarrier
|
| 505 |
0 |
|
|a Metal type -- Three generations of Bentons -- The North-Western Type Foundry -- Challenges and solutions -- The development of Benton's punch-cutting machine, and how it made the linotype a success -- The formation of the American Type Founders Company -- Linn Boyd Benton and the century type -- An overview of Linn Boyd Benton's patented inventions -- Morris Benton at ATF -- How type was made at ATF -- The Benton family's early years in Plainfield, New Jersey -- Prosperity and hard times -- The typographic climate in the early twentieth century -- Morris Benton's type designs -- The later Plainfield years -- The Benton legacy.
|
| 588 |
|
|
|a Description based on print version record.
|
| 600 |
1 |
7 |
|a Benton, Morris Fuller.
|2 fast
|0 (OCoLC)fst01616775
|
| 600 |
1 |
7 |
|a Benton, Linn Boyd,
|d 1844-1932.
|2 fast
|0 (OCoLC)fst01943235
|
| 600 |
1 |
0 |
|a Benton, Morris Fuller.
|
| 600 |
1 |
0 |
|a Benton, Linn Boyd,
|d 1844-1932.
|
| 650 |
|
7 |
|a Type designers.
|2 fast
|0 (OCoLC)fst01159963
|
| 650 |
|
7 |
|a Type and type-founding.
|2 fast
|0 (OCoLC)fst01159951
|
| 650 |
|
6 |
|a Lettristes
|z États-Unis
|v Biographies.
|
| 650 |
|
0 |
|a Type and type-founding
|z United States
|x History.
|
| 650 |
|
0 |
|a Type designers
|z United States
|v Biography.
|
| 610 |
2 |
7 |
|a American Type Founders Company.
|2 fast
|0 (OCoLC)fst00636382
|
| 610 |
2 |
0 |
|a American Type Founders Company
|x History.
|
| 651 |
|
7 |
|a United States.
|2 fast
|0 (OCoLC)fst01204155
|
| 655 |
|
7 |
|a History.
|2 fast
|0 (OCoLC)fst01411628
|
| 655 |
|
7 |
|a Biographies.
|2 fast
|0 (OCoLC)fst01919896
|
| 655 |
|
7 |
|a Electronic books.
|2 local
|
| 710 |
2 |
|
|a Project Muse.
|e distributor
|
| 830 |
|
0 |
|a Book collections on Project MUSE.
|
| 856 |
4 |
0 |
|z Texto completo
|u https://projectmuse.uam.elogim.com/book/17402/
|
| 945 |
|
|
|a Project MUSE - Custom Collection
|
| 945 |
|
|
|a Project MUSE - 2011 Complete Supplement
|
| 945 |
|
|
|a Project MUSE - 2011 History Supplement
|